Knowledge transfer in higher education quality management: the case of Germany and Slovakia

Fundamentálne zmeny v prístupoch k riadeniu kvality vyšších vzdelávacích inštitúcií v posledných dvoch dekádach. Porovnanie vnútorného riadenia kvality vzdelávania Ekonomickej univerzity v Bratislave a Univerzity aplikovaných vied v Osnabrücku.

Salvato in:
Dettagli Bibliografici
Autore principale: Báráňová-Čiderová, Denisa, 1977-
Altri autori: Mayer, Peter
Natura: Capitolo di libro
Lingua:inglese
Soggetti:
Tags: Aggiungi Tag
Nessun Tag, puoi essere il primo ad aggiungerne!!

MARC

LEADER 00000naa$a2200000$$$4500
001 0117095
005 20240502072316.1
041 0 |a eng 
044 |a SK 
245 1 0 |a Knowledge transfer in higher education quality management: the case of Germany and Slovakia  |c Denisa Báráňová-Čiderová, Peter Mayer 
520 |a Fundamentálne zmeny v prístupoch k riadeniu kvality vyšších vzdelávacích inštitúcií v posledných dvoch dekádach. Porovnanie vnútorného riadenia kvality vzdelávania Ekonomickej univerzity v Bratislave a Univerzity aplikovaných vied v Osnabrücku. 
610 2 0 |a vzdelávanie vysokoškolské 
610 2 0 |a školy vysoké 
610 2 0 |a riadenie kvality 
610 2 0 |a Slovensko 
610 2 0 |a Nemecko 
610 2 0 |a štúdie prípadové 
610 2 0 |a manažment znalostný 
100 1 |a Báráňová-Čiderová, Denisa, 1977- 
700 1 |a Mayer, Peter